Zdravotné poistenie slovenských občanov v Českej republike

Ucelený pohľad na riešenie problematiky zdravotného poistenia slovenských občanov, ktorí sú zamestnaní v Českej republike, prípadne tam idú s cieľom navštíviť príbuzných, na turistiku a pod.

Gespeichert in:
Bibliographische Detailangaben
1. Verfasser: Daněk, Antonín
Weitere Verfasser: Glet, Jiří
Format: Buchkapitel
Sprache:Slowakisch
Schlagworte:
Tags: Tag hinzufügen
Keine Tags, Fügen Sie das erste Tag hinzu!

MARC

LEADER 00000naa$a2200000$$$4500
001 0006218
005 20230919094132.0
041 0 |a slo 
044 |a SK 
245 1 0 |a Zdravotné poistenie slovenských občanov v Českej republike  |c aut. Antonín Daněk, Jiří Glet 
520 |a Ucelený pohľad na riešenie problematiky zdravotného poistenia slovenských občanov, ktorí sú zamestnaní v Českej republike, prípadne tam idú s cieľom navštíviť príbuzných, na turistiku a pod. 
610 2 0 |a poistenie zdravotné 
610 2 0 |a cudzinci 
610 2 0 |a Česko 
100 1 |a Daněk, Antonín 
700 1 |a Glet, Jiří